| 000 | 00599cam a22002291 4500 | ||
|---|---|---|---|
| 001 | sa 65009604 | ||
| 003 | DLC | ||
| 005 | 20260227112203.0 | ||
| 008 | 890619s1965 ii c 000 0 hino | ||
| 010 | _asa 65009604 | ||
| 035 | _a(OCoLC)19891742 | ||
| 040 |
_aDLC _cWaU _dDLC |
||
| 042 | _apremarc | ||
| 050 | 0 | 0 |
_aPK2098.P7 _bK3199 |
| 100 | 1 |
_aDīkshita, Bhagīratha, _d1919- |
|
| 245 | 1 | 0 | _aKāmāyanī-vimarśa. |
| 260 | _c[1965] | ||
| 300 |
_a314 p. _bport. _c23 cm. |
||
| 500 | _aIn Hindi. | ||
| 500 | _aErrata slip inserted. | ||
| 600 | 1 | 0 |
_aPrasad, Jai Shankar, _d1889-1937. _tKāmāyanī. |
| 999 |
_c66297 _d66297 |
||